000 01973cam a22004814i 4500
003 PE-LiUPU
005 20250731173436.0
008 150710s r 000 0 d
020 _a8430107207
035 _a(Sirsi) i9788430107209
040 _aPE-LiUPU
_bspa
_cPE-LiUPU
_erda
049 _aPRUA
082 0 4 _a282.098
_bD98
_221
100 1 _aDussel, Enrique D.,
_eautor.
245 1 0 _aDesintegración de la Cristiandad Colonial y Liberación.
264 1 _aSalamanca, España :
_bEdiciones Sígueme,
_c1978.
300 _a209 páginas :
_bilustraciones ;
_c24 centímetros
336 _atext
_2rdacontent
337 _aunmediated
_2rdamedia
338 _avolume
_2rdacarrier
490 0 _aEl Peso de los Días ;
_v7
505 0 _aInterpretación histórico-teológica del continente americano -- Historia, colonialismo, liberación -- Algunas reflexiones sobre las condiciones históricas del ejercicio concreto de los ministerios en la iglesia en América Latina.
526 _aSEG42
526 _aSEG41
526 _aSEG40
526 _aSEG39
526 _aP94
526 _aP87
526 _aP86
526 _aP85
526 _aP77
526 _aP76
526 _aP35
650 0 4 _aIGLESIA CATOLICA
_xHISTORIA
_zAMERICA LATINA.
_9208
942 _2ddc
_cBOOK
949 _a282.098 D98
_wDEWEY
_c1
_i39519
_lCCODEBUL1
_mBUL
_r0
_sY
_tBOOK
_u2015-7-10
_xTEOLOGIA
_PP35
_0COMPRA
_o.STAFF. Colección General
949 _a282.098 D98
_wDEWEY
_c2
_i24545
_lCCODEBUL1
_mBUL
_r0
_sY
_tBOOK
_u2015-6-17
_xTEOLOGIA
_PP35
_0COMPRA
_o.STAFF. Colección General
994 _aC0
_bPEPRU
596 _a1
999 _a282.098 D98
_wDEWEY
_c56583
_i39519
_f2021-11-11
_g5
_lCCODEBUL1
_mBUL
_r0
_sY
_tBOOK
_u2015-7-10
_xTEOLOGIA
_PP35
_0COMPRA
_o.STAFF. Colección General
_d56583
999 _a282.098 D98
_wDEWEY
_c2
_i24545
_f2021-11-11
_g5
_lCCODEBUL1
_mBUL
_r0
_sY
_tBOOK
_u2015-6-17
_xTEOLOGIA
_PP35
_0COMPRA
_o.STAFF. Colección General
980 _81
_gALBERTO SANCHEZ Responsable de Automatización